[Event "EYCC Open U18 2018"]
[Site "Riga"]
[Date "2018.08.20"]
[Round "1"]
[White "Nguyen, Thai Dai Van"]
[Black "Yurovskykh, Oleksandr"]
[Result "1/2-1/2"]
[WhiteElo "2548"]
[BlackElo "2263"]
[Annotator "ChessBase"]
[PlyCount "113"]
[EventDate "2018.08.20"]
[EventType "swiss"]
[EventCountry "LAT"]
[SourceTitle "playchess.com"]
[Source "ChessBase"]
[SourceQuality "1"]
[TimeControl "40/5400+30:1800+30"]

1. e4 {[%emt 0:00:00]} c5 {[%emt 0:00:00]} 2. Nf3 {[%emt 0:00:00]} g6 {[%emt 0:00:01]} 3. c3 {[%emt 0:02:39]} d5 {[%emt 0:00:25]} 4. exd5 {[%emt 0:00:05]} Qxd5 {[%emt 0:00:06]} 5. d4 {[%emt 0:00:21]} Nc6 {[%emt 0:00:51]} 6. Be2 {[%emt 0:15:28]} Bg7 {[%emt 0:00:16]} 7. Be3 {[%emt 0:05:15]} cxd4 {[%emt 0:06:32]} 8. cxd4 {[%emt 0:00:18]} Nf6 {[%emt 0:00:30]} 9. Nc3 {[%emt 0:00:44]} Qa5 {[%emt 0:00:57]} 10. O-O {[%emt 0:02:57]} O-O {[%emt 0:01:31]} 11. a3 {[%emt 0:06:36]} Nd5 {[%emt 0:02:24]} 12. Nxd5 {[%emt 0:02:05]} Qxd5 {[%emt 0:00:07]} 13. Rc1 {[%emt 0:01:13]} Rd8 {[%emt 0:07:09]} 14. Bc4 {[%emt 0:13:44]} Qd6 {[%emt 0:04:13]} 15. Qb3 {[%emt 0:05:45]} e6 {[%emt 0:03:19]} 16. Bg5 {[%emt 0:03:01]} Rf8 {[%emt 0:29:59]} 17. Bd2 {[%emt 0:07:13]} Nxd4 {[%emt 0:05:21]} 18. Nxd4 {[%emt 0:00:09]} Qxd4 {[%emt 0:00:21]} 19. Bc3 {[%emt 0:01:35]} Qf4 {[%emt 0:04:27]} 20. Rfd1 {[%emt 0:05:30]} Bxc3 {[%emt 0:03:44]} 21. Qxc3 {[%emt 0:07:06]} b6 {[%emt 0:01:54]} 22. g3 {[%emt 0:02:54]} Qe4 {[%emt 0:02:02]} 23. Rd4 {[%emt 0:01:12]} Qc6 {[%emt 0:00:43]} 24. Qd2 {[%emt 0:01:06]} Bb7 {[%emt 0:04:39]} 25. Bd5 {[%emt 0:00:09]} Qxc1+ {[%emt 0:00:53]} 26. Qxc1 {[%emt 0:00:05]} Bxd5 {[%emt 0:00:04]} 27. Rd3 {[%emt 0:03:43]} Rac8 {[%emt 0:00:25]} 28. Rc3 {[%emt 0:00:04]} Rxc3 29. Qxc3 {[%emt 0:00:01]} Rb8 {[%emt 0:02:32]} 30. g4 {[%emt 0:00:45]} h6 {[%emt 0:01:03]} 31. h4 {[%emt 0:00:50]} Rb7 {[%emt 0:03:32]} 32. Qf6 {[%emt 0:03:22]} Rd7 {[%emt 0:01:24]} 33. h5 {[%emt 0:01:12]} gxh5 {[%emt 0:01:21]} 34. gxh5 {[%emt 0:00:22]} Kh7 {[%emt 0:00:10]} 35. f3 {[%emt 0:01:07]} b5 {[%emt 0:04:41]} 36. Kf2 {[%emt 0:01:03]} Rb7 {[%emt 0:01:44]} 37. Ke3 {[%emt 0:00:57]} a5 {[%emt 0:00:19]} 38. Kf4 {[%emt 0:04:27]} b4 {[%emt 0:01:20]} 39. a4 {[%emt 0:01:25]} Rd7 {[%emt 0:05:55]} 40. Qd4 {[%emt 0:00:00]} Bc6 {[%emt 0:00:00]} 41. Qc5 {[%emt 0:09:56]} Bxa4 {[%emt 0:02:22]} 42. Qxa5 {[%emt 0:00:18]} Bd1 {[%emt 0:08:20]} 43. Qxb4 {[%emt 0:01:36]} Rd5 {[%emt 0:00:09]} 44. Qe4+ {[%emt 0:04:27]} Rf5+ {[%emt 0:02:57]} 45. Ke3 {[%emt 0:00:05]} Bb3 {[%emt 0:01:35]} 46. Qd3 {[%emt 0:05:59]} Bd5 {[%emt 0:00:19]} 47. f4 {[%emt 0:00:12]} Kg7 {[%emt 0:01:47]} 48. Qd4+ {[%emt 0:03:07]} Kg8 {[%emt 0:00:15]} 49. Qd1 {[%emt 0:00:37]} Bc6 {[%emt 0:01:40]} 50. b4 {[%emt 0:04:26]} Bb5 {[%emt 0:00:52]} 51. Qg4+ {[%emt 0:02:46]} Kf8 {[%emt 0:00:10]} 52. Qh4 {[%emt 0:01:18]} Kg7 {[%emt 0:01:27]} 53. Qg4+ {[%emt 0:00:09]} Kh7 {[%emt 0:00:28]} 54. Qd1 {[%emt 0:02:34]} Rd5 {[%emt 0:01:32]} 55. Qc2+ {[%emt 0:00:23]} Rf5 {[%emt 0:03:51]} 56. Qc7 {[%emt 0:00:53]} Kg7 {[%emt 0:00:26]} 57. Qc3+ {[%emt 0:00:07]} 1/2-1/2

[Event "EYCC Open U18 2018"]
[Site "Riga"]
[Date "2018.08.20"]
[Round "1"]
[White "Livaic, Leon"]
[Black "Garanin, Aleksei"]
[Result "1-0"]
[WhiteElo "2495"]
[BlackElo "2203"]
[Annotator "TA"]
[PlyCount "65"]
[EventDate "2018.08.20"]
[EventType "swiss"]
[EventCountry "LAT"]
[SourceTitle "playchess.com"]
[Source "ChessBase"]
[SourceQuality "1"]

{[%evp 20,64,59,58,98,108,145,128,133,158,136,142,185,155,158,164,376,339,520,485,454,370,757,740,771,765,833,284,262,255,273,268,520,507,485,413,29994,29994,29995,29996,29996,29997,29997,29995,29998,29999,29999]} 1. d4 Nf6 2. c4 g6 3. Nc3 Bg7 4. e4 d6 5. h3 O-O 6. Be3 e5 7. d5 a5 8. g4 {E71: King's Indian: 4 e4 d6 5 h3} Na6 9. Qd2 (9. Nge2 c6 10. Ng3 Nc5 11. g5 Nfd7 12. h4 cxd5 13. Nxd5 Nb6 14. Nc3 Be6 15. b3 a4 {1-0 (36) Ding,L (2777)-Amonatov,F (2636) Riadh 2017}) 9... Nd7 10. Nge2 Ndc5 11. Ng3 {LiveBook: 3 Games} a4 12. Be2 Bd7 13. h4 $1 {[%cal Bh3h4,Bh4h5][%mdl 32]} a3 $146 ({Predecessor:} 13... f5 14. gxf5 gxf5 15. Bg5 Bf6 {1-0 (34) Van Osmael,A (2403)-Wigbout,M (2309) ICCF email 2003}) 14. b3 $1 c6 15. h5 Qa5 16. Rc1 Nb4 17. Kf1 cxd5 $2 (17... Rfe8 {keeps fighting.} 18. dxc6 Bxc6) 18. Bh6 $18 Ne6 ({Weaker is} 18... Nxa2 19. hxg6 fxg6 20. Bxg7 $18) (18... Qb6 $142 19. Bxg7 Kxg7 20. hxg6 (20. cxd5 Rh8 $16) (20. exd5 Nxb3 21. axb3 Qd4 $16) (20. Nxd5 Nxd5 21. exd5 Rh8 $16) 20... fxg6 21. Qh6+ (21. Nxd5 Nxd5 22. Qh6+ Kf7 $18) 21... Kf7) 19. Bxg7 Nxg7 20. exd5 f6 $2 (20... Nxa2 21. Qxa2 f5 22. hxg6 hxg6) 21. hxg6 hxg6 22. Nce4 Qb6 23. Nxd6 $2 (23. Qh6) 23... Qxd6 {[#]} 24. c5 $1 {[%cal Rc5d6]} Qxd5 25. Qxb4 {Threatens to win with Bc4.} Ne6 $2 (25... Qd4 26. Qxb7 Be6) 26. Rd1 Qxc5 {[#]} 27. Qe4 $1 {[%cal Re4g6]} Bb5 (27... Be8 $18 28. Bc4 (28. Qxb7 Ra7 $15) 28... Kg7) 28. Qxg6+ {White mates.} Ng7 29. Nf5 {[%csl Gf5][%cal Rg6g7,Bg3f5,Bf5h6,Bh6f7][%mdl 32]} Bxe2+ 30. Kg1 {[%csl Gf5][%cal Rg6g7]} Qc7 31. Nh6+ Kh8 32. Nf7+ Kg8 33. Rh8# {Precision: White = 89%, Black = 18%.} 1-0

[Event "EYCC Open U18 2018"]
[Site "Riga"]
[Date "2018.08.20"]
[Round "1"]
[White "Gumularz, Szymon"]
[Black "Voinikonis, Nikita"]
[Result "1-0"]
[WhiteElo "2458"]
[BlackElo "2192"]
[Annotator "TA"]
[PlyCount "81"]
[EventDate "2018.08.20"]
[EventType "swiss"]
[EventCountry "LAT"]
[SourceTitle "playchess.com"]
[Source "ChessBase"]
[SourceQuality "1"]

{[%evp 20,81,73,74,126,116,120,129,126,135,155,77,64,50,64,52,79,45,64,77,128,131,160,136,121,127,118,68,66,68,72,72,72,72,87,77,145,145,143,140,132,134,133,118,112,100,145,138,123,132,521,514,534,522,29990,29991,29991,29992,29992,29993,29995,29996,29996,29997]} 1. d4 Nf6 2. c4 g6 3. Nc3 Bg7 4. e4 d6 5. f3 O-O 6. Be3 Nbd7 7. Qd2 c5 8. Nge2 {[%cal Bg1e2,Be2c1,Bc1b3,Bb3c5,Bc5a4,Ba4c3][%mdl 32]} a6 9. dxc5 dxc5 10. Rd1 {E81: King's Indian: Sämisch: 6th move deviations (including 6 Be3 c6)} Qa5 (10... Qc7 11. Nf4 e6 12. Nd3 Nh5 13. Be2 b6 14. Nf2 Rd8 15. Bg5 Re8 16. O-O Ne5 17. Qd6 Ra7 {1-0 (46) Sjugirov,S (2643)-Fedoseev,V (2668) Martuni 2014}) 11. Nc1 {LiveBook: 8 Games} Ne5 (11... Qc7 $142) 12. Nb3 $16 {White is better.} Qc7 13. Nxc5 b6 $146 {[#]} ({Predecessor:} 13... Be6 14. Nxe6 fxe6 15. c5 Nfg4 16. fxg4 Nxg4 17. Bc4 Nxh2 18. Bxe6+ Kh8 19. Ne2 Rf6 20. Bf4 Qxc5 21. Rxh2 Rxe6 22. Qd8+ Rxd8 23. Rxd8+ Bf8 24. Rxf8+ {1-0 (24) Rack,M (2084)-Fontana,A (1973) Bruchkoebel 2002}) 14. N5a4 $1 Rb8 15. Nd5 (15. b3 $142) 15... Nxd5 16. cxd5 f5 {Threatening ...fxe4.} 17. Rc1 Qd8 18. exf5 Bd7 19. Nc3 {Black must now prevent fxg6.} Rxf5 (19... Bxf5 $142 20. Be2 (20. Bxa6 b5 $14) 20... b5) 20. Be2 ({And not} 20. Bxa6 b5 $17) 20... Rc8 21. O-O Nc4 22. Bxc4 $1 Rxc4 23. b3 Rxc3 24. Rxc3 {Rcc1 is the strong threat.} Bxc3 25. Qxc3 {aiming for Bh6.} Rxd5 26. Re1 e5 27. Bf2 Bb5 (27... Qc8 $142 28. Qxc8+ Bxc8) 28. a4 Be8 29. Rxe5 Rd1+ 30. Re1 Bf7 31. h4 Rd3 32. Qe5 Bxb3 {[#]} 33. h5 $1 {[%cal Rh5h6]} gxh5 34. Qg3+ Kh8 $2 {[%mdl 8192]} (34... Kf7 $16 35. Qe5 Kg6) 35. Re4 $18 Rd1+ 36. Kh2 h4 37. Qe5+ {White mates.} Kg8 38. Rg4+ Kf7 39. Bxh4 Qd6 40. Rg7+ Kf8 41. Be7+ {Precision: White = 88%, Black = 48%.} 1-0

[Event "EYCC Open U18 2018"]
[Site "Riga"]
[Date "2018.08.20"]
[Round "1"]
[White "Mesaros, Florian"]
[Black "Kristensen, Bjarke Hautop"]
[Result "1-0"]
[WhiteElo "2422"]
[BlackElo "2181"]
[Annotator "NA"]
[PlyCount "63"]
[EventDate "2018.08.20"]
[EventType "swiss"]
[EventCountry "LAT"]
[SourceTitle "playchess.com"]
[Source "ChessBase"]
[SourceQuality "1"]
[TimeControl "40/5400+30:1800+30"]

1. Nf3 {[%emt 0:00:00]} c5 {[%emt 0:00:00]} 2. c4 {[%emt 0:00:00]} Nc6 {[%emt 0:00:00]} 3. Nc3 {[%emt 0:00:02]} e5 {[%emt 0:00:00]} 4. g3 {[%emt 0:01:05]} g6 {[%emt 0:00:14]} 5. Bg2 {[%emt 0:00:10]} Bg7 {[%emt 0:00:04]} 6. a3 {[%emt 0:04:33]} Nge7 {[%emt 0:07:20]} 7. b4 {[%emt 0:05:33]} d6 {[%emt 0:07:20] A37: Symmetrical English vs ...g6: 4 Bg2 Bg7 5 Nf3} 8. Rb1 {[%emt 0:04:16]} O-O {[%emt 0:00:57]} 9. O-O {[%emt 0:01:03] LiveBook: 99 Games} f5 {[%emt 0:03:30]} (9... Rb8 10. d3 h6 11. Nd2 b6 12. Qa4 Bd7 13. b5 Na5 14. Qc2 f5 15. Bb2 Kh7 16. e3 Qe8 17. Rbe1 Nb7 18. f4 Nd8 {1-0 (40) Bocharov,D (2583)-Tregubov,P (2575) Riadh 2017}) 10. Ne1 {[%emt 0:02:58]} Rb8 {[%emt 0:10:54]} 11. Nc2 {[%emt 0:02:21]} Be6 {[%emt 0:17:29]} 12. Ne3 {[%emt 0:01:22]} Qd7 {[%emt 0:00:10]} 13. Ned5 {[%emt 0:10:24]} b6 {[%emt 0:00:46]} 14. b5 $146 {[%emt 0:03:45]} ({Predecessor:} 14. d3 h6 15. Qa4 Kh7 16. Bd2 {1-0 (57) Nill,O (2188)-Mestek,I (2095) Amsterdam 2015}) 14... Nd8 {[%emt 0:04:56]} 15. Nxe7+ {[%emt 0:03:27]} Qxe7 {[%emt 0:00:05]} 16. Nd5 {[%emt 0:00:22]} Qd7 {[%emt 0:04:04]} 17. d3 $14 {[%emt 0:01:59]} h6 {[%emt 0:04:52]} 18. a4 {[%emt 0:07:28]} g5 {[%emt 0:07:07]} 19. f4 {[%emt 0:02:07]} exf4 {[%emt 0:03:09]} 20. gxf4 {[%emt 0:01:03]} g4 {[%emt 0:00:05]} 21. Bb2 {[%emt 0:04:12]} Nb7 {[%emt 0:10:51]} 22. Qe1 {[%emt 0:05:17]} Bxb2 {[%emt 0:04:01]} 23. Rxb2 {[%emt 0:00:12]} Qd8 {[%emt 0:03:02]} 24. Qc3 {[%emt 0:01:13]} h5 {[%emt 0:00:35]} 25. e4 {[%emt 0:08:38]} h4 {[%emt 0:07:44]} 26. exf5 {[%emt 0:01:41]} Bxf5 {[%emt 0:00:16]} 27. Re2 {[%emt 0:00:44]} Rf7 {[%emt 0:02:04]} 28. Rfe1 {[%emt 0:00:46]} Qf8 {[%emt 0:01:48]} 29. Ne7+ {[%emt 0:00:44]} Kh7 {[%emt 0:00:10]} 30. Nxf5 {[%emt 0:00:18]} Rxf5 {[%emt 0:00:06]} 31. Re7+ {[%emt 0:00:38]} Rf7 {[%emt 0:00:49]} 32. Qf6 {[%emt 0:00:52]} 1-0

[Event "EYCC Open U18 2018"]
[Site "Riga"]
[Date "2018.08.20"]
[Round "1"]
[White "Gadimbayli, Abdulla"]
[Black "Pols, Wiggert"]
[Result "1-0"]
[WhiteElo "2413"]
[BlackElo "2177"]
[Annotator "TA"]
[PlyCount "57"]
[EventDate "2018.08.20"]
[EventType "swiss"]
[EventCountry "LAT"]
[SourceTitle "playchess.com"]
[Source "ChessBase"]
[SourceQuality "1"]

{[%evp 24,57,36,39,86,41,73,74,75,71,106,54,106,73,85,56,105,78,216,214,337,341,535,525,1204,775,1008,981,980,685,982,994,1030,1022,925,807]} 1. e4 e5 2. Nf3 Nc6 3. Bb5 f5 4. d3 fxe4 5. dxe4 Nf6 6. O-O Bc5 7. Bxc6 bxc6 8. Nxe5 O-O 9. Nc3 d6 {C63: Spanische Partie (Jänisch-Gambit)} 10. Nd3 (10. Na4 Qe8 11. Nxc5 Qxe5 12. Nd3 Qxe4 13. f3 Qd4+ 14. Nf2 Qb6 15. b3 Ba6 16. Re1 Rae8 17. Rxe8 Rxe8 {0-1 (69) Borisek,J (2561)-Radjabov,T (2710) Doha 2016}) 10... Bd4 11. Qe1 Qe8 12. Be3 Bxc3 13. Qxc3 {LiveBook: 7 Partien} Nxe4 {[#]} 14. Qa5 $146 (14. Qc4+ {seems wilder.} d5 15. Qa4 c5 16. Nxc5 Nxc5 17. Qxe8 Rxe8 18. Bxc5 a5 19. f3) ({Vorgänger:} 14. Qc4+ d5 15. Qa4 Bd7 16. Nc5 Bf5 17. Kh1 Nxc5 18. Bxc5 {1-0 (41) Alsina Leal,D (2538)-Arias Boo,G (2352) Barcelona 2013}) 14... Qf7 {[#]} 15. Qa4 $1 {[%cal Ra4e4]} Nf6 16. Qxc6 Rb8 17. Qa4 (17. f3 $16) 17... Bd7 (17... Bf5 $14) 18. Qd4 Rbe8 19. Rae1 Re4 20. Qc3 Rh4 (20... Nd5 $16 21. Qd2 Ra4) 21. Qxc7 $18 Ng4 (21... Rg4 {war angesagt.}) 22. Bf4 ({Keinesfalls} 22. Qxd6 Nxh2 23. Bc5 Rh6 $18) 22... g5 (22... Nf6 {war nötig.} 23. Qxd6 Qd5) 23. Bxd6 {Weiß steht klar auf Gewinn.} Qh5 24. Bg3 Bc6 25. Bxh4 Qxh4 26. Qg3 Qh5 27. Ne5 Nxe5 28. Rxe5 h6 29. Qb3+ {Precision: Weiß = 50%, Schwarz =  7%.} 1-0

[Event "EYCC Open U18 2018"]
[Site "Riga"]
[Date "2018.08.20"]
[Round "1"]
[White "Stauskas, Lukas"]
[Black "Kevlishvili, Robby"]
[Result "1-0"]
[WhiteElo "2256"]
[BlackElo "2497"]
[Annotator "ChessBase"]
[PlyCount "101"]
[EventDate "2018.08.20"]
[EventType "swiss"]
[EventCountry "LAT"]
[SourceTitle "playchess.com"]
[Source "ChessBase"]
[SourceQuality "1"]
[TimeControl "40/5400+30:1800+30"]

1. d4 {[%emt 0:00:00]} d5 {[%emt 0:00:00]} 2. c4 {[%emt 0:00:00]} c6 {[%emt 0:00:00]} 3. Nf3 {[%emt 0:00:00]} Nf6 {[%emt 0:00:00]} 4. Nc3 {[%emt 0:00:00]} e6 {[%emt 0:00:00]} 5. e3 {[%emt 0:00:00]} Nbd7 {[%emt 0:00:00]} 6. Qc2 {[%emt 0:00:05]} Bd6 {[%emt 0:00:19]} 7. b3 {[%emt 0:00:13]} O-O {[%emt 0:01:36]} 8. Bb2 {[%emt 0:00:06]} b6 {[%emt 0:09:21]} 9. Bd3 {[%emt 0:00:47]} Bb7 {[%emt 0:00:19]} 10. O-O {[%emt 0:00:39]} Rc8 {[%emt 0:02:06]} 11. Rad1 {[%emt 0:03:01]} h6 {[%emt 0:14:24]} 12. Rfe1 {[%emt 0:05:11]} Qc7 {[%emt 0:05:32]} 13. e4 {[%emt 0:15:44]} dxe4 {[%emt 0:04:04]} 14. Nxe4 {[%emt 0:00:07]} Nxe4 {[%emt 0:00:33]} 15. Rxe4 {[%emt 0:12:46]} Nf6 {[%emt 0:01:34]} 16. Rh4 {[%emt 0:01:48]} Be7 {[%emt 0:01:12]} 17. Ne5 {[%emt 0:08:27]} Rfd8 {[%emt 0:13:15]} 18. Re1 {[%emt 0:05:43]} c5 {[%emt 0:05:39]} 19. dxc5 {[%emt 0:06:42]} Qxc5 {[%emt 0:03:58]} 20. Qe2 {[%emt 0:02:21]} Qd6 {[%emt 0:17:04]} 21. Rh3 {[%emt 0:02:55]} Kf8 {[%emt 0:02:21]} 22. Rg3 {[%emt 0:03:30]} a5 {[%emt 0:05:58]} 23. Bc3 {[%emt 0:05:54]} Bc6 {[%emt 0:01:32]} 24. Bb1 {[%emt 0:04:15]} Be8 {[%emt 0:00:54]} 25. a4 {[%emt 0:00:38]} Qc7 {[%emt 0:02:33]} 26. Qb2 {[%emt 0:04:59]} Rd6 {[%emt 0:03:20]} 27. Ng4 {[%emt 0:05:09]} Qd8 {[%emt 0:00:05]} 28. Qc2 {[%emt 0:07:45]} Bc6 {[%emt 0:01:25]} 29. h3 {[%emt 0:03:02]} Bb7 {[%emt 0:00:50]} 30. Nxh6 {[%emt 0:01:30]} gxh6 {[%emt 0:03:12]} 31. Qc1 {[%emt 0:00:07]} Ke8 {[%emt 0:00:29]} 32. Bxf6 {[%emt 0:00:09]} Bxf6 {[%emt 0:00:02]} 33. Rg8+ {[%emt 0:00:08]} Ke7 {[%emt 0:00:03]} 34. Rxd8 {[%emt 0:00:07]} Rcxd8 {[%emt 0:00:03]} 35. Qxh6 {[%emt 0:00:54]} Bc3 {[%emt 0:02:07]} 36. Qh4+ {[%emt 0:01:20]} Ke8 {[%emt 0:00:56]} 37. Re3 {[%emt 0:00:41]} Rd1+ {[%emt 0:00:21]} 38. Kh2 {[%emt 0:00:05]} Bb4 {[%emt 0:01:19]} 39. Be4 {[%emt 0:00:49]} Bd6+ {[%emt 0:00:23]} 40. g3 {[%emt 0:00:00]} Bxe4 {[%emt 0:00:00]} 41. Qxe4 {[%emt 0:00:53]} Bc5 {[%emt 0:00:30]} 42. Rf3 {[%emt 0:01:03]} Rf1 {[%emt 0:00:56]} 43. Qc6+ {[%emt 0:01:03]} Rd7 {[%emt 0:01:32]} 44. Rxf7 {[%emt 0:00:42]} Kxf7 {[%emt 0:00:06]} 45. Qxd7+ {[%emt 0:00:06]} Kf6 {[%emt 0:00:05]} 46. g4 {[%emt 0:01:45]} Rxf2+ {[%emt 0:00:23]} 47. Kg3 {[%emt 0:00:06]} Re2 {[%emt 0:00:14]} 48. g5+ {[%emt 0:01:45]} Ke5 {[%emt 0:00:46]} 49. g6 {[%emt 0:02:46]} Re3+ {[%emt 0:00:15]} 50. Kg4 {[%emt 0:00:34]} Re4+ {[%emt 0:00:09]} 51. Kh5 {[%emt 0:00:30]} 1-0

[Event "EYCC Open U18 2018"]
[Site "Riga"]
[Date "2018.08.20"]
[Round "1"]
[White "Radenic, Filip"]
[Black "Gaifullin, Artur"]
[Result "0-1"]
[WhiteElo "2198"]
[BlackElo "2461"]
[Annotator "ChessBase"]
[PlyCount "92"]
[EventDate "2018.08.20"]
[EventType "swiss"]
[EventCountry "LAT"]
[SourceTitle "playchess.com"]
[Source "ChessBase"]
[SourceQuality "1"]
[TimeControl "40/5400+30:1800+30"]

1. c4 {[%emt 0:00:00]} e6 {[%emt 0:00:00]} 2. Nf3 {[%emt 0:00:00]} Nf6 {[%emt 0:00:00]} 3. g3 {[%emt 0:00:07]} d5 {[%emt 0:00:00]} 4. Bg2 {[%emt 0:00:15]} d4 {[%emt 0:00:00]} 5. O-O {[%emt 0:00:31]} c5 {[%emt 0:00:00]} 6. e3 {[%emt 0:03:51]} Nc6 {[%emt 0:00:00]} 7. exd4 {[%emt 0:00:12]} cxd4 {[%emt 0:00:03]} 8. d3 {[%emt 0:00:40]} Bd6 {[%emt 0:00:07]} 9. a3 {[%emt 0:03:42]} a5 {[%emt 0:00:06]} 10. b3 {[%emt 0:00:58]} O-O {[%emt 0:01:05]} 11. Bb2 {[%emt 0:01:20]} e5 {[%emt 0:00:06]} 12. Re1 {[%emt 0:01:24]} Re8 {[%emt 0:00:06]} 13. Nbd2 {[%emt 0:03:44]} Bf5 {[%emt 0:00:18]} 14. Qc2 {[%emt 0:01:11]} Rc8 {[%emt 0:02:02]} 15. Rac1 {[%emt 0:15:25]} b5 {[%emt 0:05:28]} 16. Ng5 {[%emt 0:09:58]} b4 {[%emt 0:10:03]} 17. a4 {[%emt 0:06:51]} Nd7 {[%emt 0:00:20]} 18. Nge4 {[%emt 0:01:03]} Bf8 {[%emt 0:00:01]} 19. Rcd1 {[%emt 0:06:07]} Bg4 {[%emt 0:03:25]} 20. f3 {[%emt 0:01:47]} Be6 {[%emt 0:00:13]} 21. Nf1 {[%emt 0:01:48]} f5 {[%emt 0:04:49]} 22. Nf2 {[%emt 0:01:23]} Nc5 {[%emt 0:01:05]} 23. Bc1 {[%emt 0:02:28]} Bf7 {[%emt 0:00:40]} 24. f4 {[%emt 0:03:13]} e4 {[%emt 0:04:18]} 25. dxe4 {[%emt 0:01:24]} fxe4 {[%emt 0:00:04]} 26. Nxe4 {[%emt 0:07:26]} Bg6 {[%emt 0:00:25]} 27. Nfd2 {[%emt 0:02:12]} d3 {[%emt 0:02:33]} 28. Qb2 {[%emt 0:00:37]} Bh5 {[%emt 0:03:00]} 29. Ng5 {[%emt 0:01:34]} Bxd1 {[%emt 0:11:08]} 30. Rxe8 {[%emt 0:00:28]} Qxe8 {[%emt 0:00:04]} 31. Bd5+ {[%emt 0:00:09]} Kh8 {[%emt 0:00:00]} 32. Nf7+ {[%emt 0:00:09]} Qxf7 {[%emt 0:00:05]} 33. Bxf7 {[%emt 0:00:08]} Be7 {[%emt 0:00:04]} 34. Qa1 {[%emt 0:06:25]} Nxb3 {[%emt 0:00:25]} 35. Nxb3 {[%emt 0:00:10]} Bxb3 {[%emt 0:00:01]} 36. Bb2 {[%emt 0:00:26]} Bf8 {[%emt 0:00:01]} 37. Qe1 {[%emt 0:02:00]} Rd8 {[%emt 0:00:33]} 38. Bd5 {[%emt 0:00:36]} d2 {[%emt 0:00:24]} 39. Qxd2 {[%emt 0:01:19]} Bxc4 {[%emt 0:00:04]} 40. Qe3 {[%emt 0:00:00]} Bxd5 {[%emt 0:00:00]} 41. f5 {[%emt 0:01:35]} Bf7 {[%emt 0:01:20]} 42. h4 {[%emt 0:01:30]} Rd5 {[%emt 0:02:20]} 43. Qf4 {[%emt 0:01:00]} Rd1+ {[%emt 0:03:32]} 44. Kh2 {[%emt 0:00:53]} Bd5 {[%emt 0:00:30]} 45. g4 {[%emt 0:00:54]} Rb1 {[%emt 0:07:57]} 46. Qd2 {[%emt 0:00:38]} Bd6+ {[%emt 0:00:11]} 0-1

[Event "EYCC Open U18 2018"]
[Site "Riga"]
[Date "2018.08.20"]
[Round "1"]
[White "Cirovic, Miroljub"]
[Black "Plazuelo Pascual, Juan"]
[Result "1/2-1/2"]
[WhiteElo "2190"]
[BlackElo "2429"]
[Annotator "NA RC"]
[PlyCount "44"]
[EventDate "2018.08.20"]
[EventType "swiss"]
[EventCountry "LAT"]
[SourceTitle "playchess.com"]
[Source "ChessBase"]
[SourceQuality "1"]
[TimeControl "40/5400+30:1800+30"]

1. d4 {[%emt 0:00:00]} Nf6 {[%emt 0:00:00]} 2. c4 {[%emt 0:00:00]} b6 {[%emt 0:00:00]} 3. Nf3 {[%emt 0:00:51]} Bb7 {[%emt 0:00:00]} 4. Nbd2 {[%emt 0:03:17] A50: Queen's Fianchetto Defence (1 d4 Nf6 2 c4 b6)} (4. g3 g6 5. Bg2 Bg7 6. O-O O-O 7. Nc3 Ne4 8. Bd2 e6 9. Nxe4 Bxe4 10. Bc3 c5 11. Rc1 Nc6 12. e3 Qc7 13. Qd2 Qb7 14. Ne1 cxd4 15. exd4 Ne7 {½-½ (43) Lenic,L (2662)-Vachier Lagrave,M (2789) chess.com INT 2018}) 4... e6 {[%emt 0:10:54]} 5. e3 {[%emt 0:01:19]} c5 {[%emt 0:07:37] LiveBook: 22 Games} 6. dxc5 {[%emt 0:04:31]} bxc5 {[%emt 0:02:42]} 7. b3 {[%emt 0:01:38]} Be7 {[%emt 0:03:24]} 8. Bb2 {[%emt 0:00:22]} O-O {[%emt 0:01:49]} 9. Bd3 {[%emt 0:01:26]} Nc6 {[%emt 0:06:20]} 10. O-O {[%emt 0:01:28]} d5 $146 {[%emt 0:02:10]} ({Predecessor:} 10... a5 11. Rc1 d6 12. Bb1 Qd7 13. Ng5 g6 14. Qf3 e5 15. Qe2 Ne8 16. f4 f5 17. Rfd1 Bxg5 18. fxg5 {½-½ (55) Tabatt,H (2302)-Barski,R (2407) Germany 2017}) 11. a3 {[%emt 0:01:44]} a5 {[%emt 0:09:08]} 12. cxd5 {[%emt 0:02:43]} exd5 {[%emt 0:02:14]} 13. e4 {[%emt 0:02:48]} dxe4 {[%emt 0:06:48]} 14. Nxe4 {[%emt 0:00:07]} Nd4 {[%emt 0:01:04]} 15. Bxd4 {[%emt 0:10:02]} cxd4 {[%emt 0:03:12]} 16. Nxf6+ {[%emt 0:00:08]} Bxf6 {[%emt 0:00:13]} 17. Nd2 {[%emt 0:02:03]} Rc8 {[%emt 0:07:02]} 18. Nc4 $15 {[%emt 0:02:58]} Rc5 {[%emt 0:06:58]} 19. f4 {[%emt 0:05:10]} h6 {[%emt 0:10:50]} 20. Qd2 {[%emt 0:02:07]} Qc7 {[%emt 0:03:19]} 21. Rac1 {[%emt 0:00:47]} Ba6 {[%emt 0:03:28]} 22. b4 {[%emt 0:09:52]} axb4 {[%emt 0:00:50]} 1/2-1/2

[Event "EYCC Open U18 2018"]
[Site "Riga"]
[Date "2018.08.20"]
[Round "1"]
[White "Zeman, Matyas"]
[Black "Warmerdam, Max"]
[Result "0-1"]
[WhiteElo "2181"]
[BlackElo "2421"]
[Annotator "TA"]
[PlyCount "48"]
[EventDate "2018.08.20"]
[EventType "swiss"]
[EventCountry "LAT"]
[SourceTitle "playchess.com"]
[Source "ChessBase"]
[SourceQuality "1"]

{[%evp 14,48,15,0,17,0,17,-8,9,10,43,23,24,0,39,28,43,32,47,49,50,0,37,0,0,0,0,-306,-323,-319,-319,-316,-297,-493,-493,-485,-469]} 1. e4 c5 2. Be2 Nc6 3. f4 e6 4. Nf3 d5 5. d3 g6 6. O-O {B21: Sicilian: 2 f4 and Morra Gambit} Bg7 7. c3 Nge7 8. a4 {LiveBook: 3 Games. The position is equal.} b6 $146 ({Predecessor:} 8... c4 9. Na3 O-O 10. Be3 cxd3 11. Bxd3 b6 12. e5 f6 13. exf6 Bxf6 {1-0 (62) Jones,G (2653)-Trent,L (2433) Bunratty 2012}) 9. Na3 Bb7 10. Qe1 a6 11. Bd2 Qc7 12. Rb1 Rd8 13. Bd1 dxe4 14. dxe4 O-O 15. Bc2 Na5 16. Be3 Nc8 17. Qh4 Rfe8 18. f5 exf5 $1 {[%cal Rb7e4]} 19. Bf4 $36 {[%mdl 2048] White is more active.} Qe7 20. Ng5 $2 {[%mdl 8192]} (20. Qxe7 $11 {and White is okay.} Nxe7 21. exf5) 20... h6 $19 ({But not} 20... fxe4 $2 21. Qxh7+ Kf8 22. Be5 $1 $18 {[%mdl 512]}) 21. exf5 hxg5 22. Bxg5 {[#]} Rd2 $1 {[%cal Rd2g2][%mdl 512]} 23. Rf3 $2 {[#]} (23. Rfe1 Rxg2+ 24. Kf1) (23. Bxd2 Qxh4) 23... Rxg2+ $1 {[%mdl 512]} 24. Kxg2 Qe2+ {Precision: White = 26%, Black = 45%.} 0-1